[Event "Cheliabinsk Panchenko Memorial op"]
[Site "Cheliabinsk"]
[Date "2019.09.12"]
[Round "4"]
[White "Rybachenok, Valeriya"]
[Black "Ivanova, Arina"]
[Result "0-1"]
[WhiteElo "1226"]
[BlackElo "1668"]
[PlyCount "104"]
[EventDate "2019.09.09"]
[EventType "swiss"]
[EventRounds "9"]
[EventCountry "RUS"]
[SourceTitle "EXT 2020"]
[Source "ChessBase"]
[SourceDate "2019.10.17"]
[SourceVersion "1"]
[SourceVersionDate "2019.10.17"]
[SourceQuality "1"]

1. Nf3 d5 2. g3 g6 3. Bg2 Bg7 4. d4 Nf6 5. Nbd2 0-0 6. 0-0 c5 7. dxc5 Qc7 8. Nb3 e5 9. c3 Na6 10. Bg5 Be6 11. Qc1 Rfd8 12. Rd1 Rac8 13. h3 e4 14. Nfd4 Nxc5 15. Nxc5 Qxc5 16. Be3 Qc4 17. Bf1 Bd7 18. Nc2 b6 19. Bg5 Qc5 20. Be3 Qe7 21. Bg5 Qe5 22. Qf4 Qxf4 23. Bxf4 h6 24. Be5 Bc6 25. e3 Bb7 26. Nd4 Nd7 27. Bxg7 Kxg7 28. Nb5 Nc5 29. Nd4 Ba6 30. Bxa6 Nxa6 31. Rd2 Nc5 32. Nb3 Nd3 33. Nc1 Ne5 34. Kg2 Nf3 35. Rd1 Ne5 36. Rb1 b5 37. a3 a5 38. Ne2 Rc4 39. Nd4 b4 40. cxb4 axb4 41. a4 b3 42. Nxb3 Rxa4 43. Nd4 Rb4 44. b3 Rd6 45. Ra1 Nd3 46. Ra5 Rf6 47. Rf1 Rd6 48. Kg1 h5 49. Rd1 Rf6 50. Rd2 Rd6 51. Rc2 Kf6 52. Nb5 Rd7 0-1